000 00324nam a2200169Ia 4500
100 _aSchaefer/Ken
650 _aIIS
942 _cBK
366 _f25
654 _aIIS
245 _aProfessional IIS 7
260 _bWrox/Wiley
082 _a5.8
_bSCH
300 _a812
546 _aENGLISH
_cPAMPHALETS
999 _c21862
_d21862